000 00588nam a2200241 a 4500
001 nice12345678
003 IN_TiNIC
005 20260116011403.0
008 050524s1938 lona grp 000 0 eng
020 _a
_c100
082 0 0 _a909.07
_bATI1
100 _aAtiya, Aziz Suryal
245 _aCrusade in the Later Middle Ages
260 _aLondon
_bMethuen and Company
_c1938
300 _a603p
500 _aincludes index and biblioraphy
505 2 _aIndex, Illus.
650 _aCrusades
700 1 _aAtiya, Aziz Suryal
902 _bSRS
942 _cBK
999 _c1086
_d1086